Orte der Erleichterung : zur Geschichte von Abort und Wasserklosett

Gespeichert in:
Bibliographische Detailangaben
Körperschaften: Michael Imhof Verlag (Verlag)
LWL-Freilichtmuseum Detmold (VeranstalterIn)
Mitwirkende: Carstensen, Jan (HerausgeberIn)
Stiewe, Heinrich (HerausgeberIn)
Dokumenttyp: Buch
Sprache:German
Veröffentlicht: Petersberg : Michael Imhof Verlag , [2016]
Schriftenreihe:Schriften des LWL-Freilichtmuseums Detmold Band 38
Schlagwörter:
Online Zugang:Rezension
Rezension
Inhaltsverzeichnis
Rezension
Bibliogr. Hinweis:Rezensiert in: [Rezension von: Jan Carstensen / Heinrich Stiewe (Hrsg.), Orte der Erleichterung. Zur Geschichte von Abort und Wasserklosett]
Verantwortlich:Jan Carstensen und Heinrich Stiewe (Hg.)
LEADER 06971cam a2201213 c 4500
001 857687743
003 DE-627
005 20260617235812.0
007 tu
008 160428s2016 gw ||||| c 00| ||ger c
015 |a 16,N17  |2 dnb 
015 |a 16,N17  |2 dnb 
016 7 |a 1097224392  |2 DE-101 
020 |a 3731903407  |q  : ENGLBR : circa EUR 20.60 (AT), circa sfr 22.90 (freier Preis), circa EUR 19.95 (DE)  |9 3-7319-0340-7 
020 |a 9783731903406  |q  : ENGLBR : circa EUR 20.60 (AT), circa sfr 22.90 (freier Preis), circa EUR 19.95 (DE)  |9 978-3-7319-0340-6 
024 3 |a 9783731903406 
035 |a (DE-627)857687743 
035 |a (DE-603)386458006 
035 |a (DE-576)475803833 
035 |a (DE-599)DNB1097224392 
035 |a (OCoLC)948596522 
035 |a (OCoLC)948596522 
035 |a (DE-Rt5)4799205 
040 |a DE-627  |b ger  |c DE-627  |e rda 
041 |a ger 
044 |c XA-DE-HE 
082 0 |a 628.450943  |q DE-101  |2 22/ger 
082 0 |a 696.1820943  |q DE-101  |2 22/ger 
082 0 4 |a 624  |a 690  |a 060  |q DE-101 
084 |a Edu  |2 asb 
084 |a EDR  |2 ssd 
084 |a Gesch 67  |2 sfb 
084 |a D 101.1  |2 kab 
084 |a 8,1  |2 ssgn 
084 |a NW 9000  |2 rvk  |0 (DE-625)rvk/132325: 
084 |a LB 40000  |q DE-24/23sred  |2 rvk  |0 (DE-625)rvk/90549:772 
084 |a LB 66015  |2 rvk  |0 (DE-625)rvk/90583:778 
084 |a ZH 8976  |2 rvk  |0 (DE-625)rvk/156290: 
084 |a ZI 6880  |2 rvk  |0 (DE-625)rvk/156570: 
084 |a 44.11  |2 bkl 
084 |a 73.94  |2 bkl 
084 |a 15.08  |2 bkl 
245 0 0 |a Orte der Erleichterung  |b zur Geschichte von Abort und Wasserklosett  |c Jan Carstensen und Heinrich Stiewe (Hg.) 
246 1 |i Hinterer Buchdeckel  |a Das Begleitbuch zur Ausstellung "Scheiße sagt man nicht!" im LWL-Freilichtmuseum Detmold 
264 1 |a Petersberg  |b Michael Imhof Verlag  |c [2016] 
264 4 |c © 2016 
300 |a 126 Seiten  |b Illustrationen  |c 27.5 cm x 22 cm, 650 g 
336 |a Text  |b txt  |2 rdacontent 
336 |a unbewegtes Bild  |b sti  |2 rdacontent 
337 |a ohne Hilfsmittel zu benutzen  |b n  |2 rdamedia 
338 |a Band  |b nc  |2 rdacarrier 
490 1 |a Schriften des LWL-Freilichtmuseums Detmold  |v Band 38 
500 |a Aus dem Internet: Sonderausstellung im LWL-Freilichtmuseum Detmold 25. März bis 30. Oktober 2016 
583 1 |a Archivierung/Langzeitarchivierung gewährleistet  |f PEHE  |2 pdager  |5 DE-66 
648 7 |a Geschichte  |2 gnd 
650 0 7 |0 (DE-588)4185615-6  |0 (DE-627)105285862  |0 (DE-576)210033606  |a Toilette  |2 gnd 
650 0 7 |0 (DE-588)4234271-5  |0 (DE-627)104464224  |0 (DE-576)210379049  |a Bedürfnisanstalt  |2 gnd 
650 4 |a Toilette 
651 7 |0 (DE-588)4011882-4  |0 (DE-627)104704861  |0 (DE-576)208896155  |a Deutschland  |2 gnd 
655 7 |a Ausstellungskatalog  |0 (DE-588)4135467-9  |0 (DE-627)10566491X  |0 (DE-576)209660988  |2 gnd-content 
655 7 |a Ausstellungskatalog  |x LWL-Freilichtmuseum  |y 2016  |z Detmold  |0 (DE-588)4135467-9  |0 (DE-627)10566491X  |0 (DE-576)209660988  |2 gnd-content 
655 7 |a Ausstellungskatalog  |y 25.03.2016-30.10.2016  |z Detmold  |0 (DE-588)4135467-9  |0 (DE-627)10566491X  |0 (DE-576)209660988  |2 gnd-content 
689 0 0 |d g  |0 (DE-588)4011882-4  |0 (DE-627)104704861  |0 (DE-576)208896155  |a Deutschland  |2 gnd 
689 0 1 |d s  |0 (DE-588)4185615-6  |0 (DE-627)105285862  |0 (DE-576)210033606  |a Toilette  |2 gnd 
689 0 2 |d s  |0 (DE-588)4234271-5  |0 (DE-627)104464224  |0 (DE-576)210379049  |a Bedürfnisanstalt  |2 gnd 
689 0 3 |a z  |2 gnd  |a Geschichte 
689 0 |5 DE-101 
689 1 0 |d s  |0 (DE-588)4185615-6  |0 (DE-627)105285862  |0 (DE-576)210033606  |a Toilette  |2 gnd 
689 1 1 |a z  |2 gnd  |a Geschichte 
689 1 |5 (DE-627) 
700 1 |a Carstensen, Jan  |d 1955-  |e HerausgeberIn  |0 (DE-588)122711211  |0 (DE-627)082107653  |0 (DE-576)293390959  |4 edt 
700 1 |a Stiewe, Heinrich  |d 1963-  |e HerausgeberIn  |0 (DE-588)124068464  |0 (DE-627)085616672  |0 (DE-576)172696569  |4 edt 
710 2 |a Michael Imhof Verlag  |e Verlag  |0 (DE-588)1065428324  |0 (DE-627)816749604  |0 (DE-576)425151581  |4 pbl 
710 2 |a LWL-Freilichtmuseum Detmold  |e VeranstalterIn  |0 (DE-588)16000188-2  |0 (DE-627)592336441  |0 (DE-576)303181664  |4 orm 
787 0 8 |i Rezensiert in  |a Fok, Oliver, 1960 -   |t [Rezension von: Jan Carstensen / Heinrich Stiewe (Hrsg.), Orte der Erleichterung. Zur Geschichte von Abort und Wasserklosett]  |d 2018  |w (DE-627)1789176522 
810 2 |a LWL-Freilichtmuseum Detmold  |t Schriften des LWL-Freilichtmuseums Detmold, Westfälisches Landesmuseum für Volkskunde  |v Band 38  |9 38  |w (DE-627)626052319  |w (DE-576)326765743  |w (DE-600)2553047-1  |7 am 
856 4 2 |u https://swbplus.bsz-bw.de/bsz475803833rez.htm  |m B:DE-576;DE-16  |q application/pdf  |v 20180116150012  |x Verlag  |3 Rezension  |7 1 
856 4 2 |u http://www.sehepunkte.de/2018/01/30325.html  |m V:DE-576;X:Sehepunkte  |q text/html  |v 20180423140525  |3 Rezension  |7 1 
856 4 2 |u http://d-nb.info/1097224392/04  |m B:DE-101  |q pdf/application  |v 20170319003401  |x Verlag  |3 Inhaltsverzeichnis  |7 1 
856 4 2 |u http://scans.hebis.de/HEBCGI/show.pl?38645800_rez.pdf  |m V:DE-576;B:DE-16  |q application/pdf  |3 Rezension  |7 1 
935 |i Blocktest 
936 r v |a NW 9000  |b Sonstiges  |k Geschichte  |k Wirtschafts- und Sozialgeschichte  |k Spezielle Sozialgeschichte  |k Sozialpolitik und Fürsorge  |k Sonstiges  |0 (DE-627)1271480964  |0 (DE-625)rvk/132325:  |0 (DE-576)201480964 
936 r v |a LB 40000  |b Darstellung ohne geografischen Bezug  |k Sozial- und Kulturanthropologie. Empirische Kulturwissenschaft  |k Soziale und politische Organisation und Praxis  |k Gesellschaft allgemein, Alltag und Lebensweise  |k Darstellung ohne geografischen Bezug  |0 (DE-627)1270707205  |0 (DE-625)rvk/90549:772  |0 (DE-576)200707205 
936 r v |a LB 66015  |b Deutschland insgesamt  |k Sozial- und Kulturanthropologie. Empirische Kulturwissenschaft  |k Raum und Ort: Hausforschung, Gemeinde- und Stadtethnologie  |k Wohnen und Wirtschaften  |k Europa  |k Mitteleuropa  |k Deutschland  |k Deutschland insgesamt  |0 (DE-627)1271480832  |0 (DE-625)rvk/90583:778  |0 (DE-576)201480832 
936 r v |a ZH 8976  |b Bade-, Sanitärräume  |k Technik  |k Architektur  |k Innenarchitektur  |k Einrichtung einzelner Räume  |k Bade-, Sanitärräume  |0 (DE-627)1270636316  |0 (DE-625)rvk/156290:  |0 (DE-576)200636316 
936 r v |a ZI 6880  |b Kanalisation, Abwasserleitung, Düker, Abwasserpumpe, Armatur, Belüftungsanlage  |k Technik  |k Bauingenieurwesen  |k Wasserbau, Wasserwirtschaft  |k Wasserwirtschaft allgemein  |k Kanalisation, Abwasserleitung, Düker, Abwasserpumpe, Armatur, Belüftungsanlage  |0 (DE-627)1271526611  |0 (DE-625)rvk/156570:  |0 (DE-576)201526611 
936 b k |a 44.11  |j Präventivmedizin  |0 (DE-627)106421565 
936 b k |a 73.94  |j Volkswissen  |j Kulturtechniken  |x Volkskunde  |0 (DE-627)181570920 
936 b k |a 15.08  |j Sozialgeschichte  |0 (DE-627)181571005 
936 s n |a l100  |2 mzub 
936 s n |a z230  |2 mzub 
936 s n |a a100  |2 mzub 
936 s n |a n100  |2 mzub 
936 s n |a z200  |2 mzub 
936 s n |a l300  |2 mzub 
951 |a BO 
990 |a Deutschland 
990 |a Toilette 
990 |a Bedürfnisanstalt 
990 |a Geschichte 
990 |a Toilette 
990 |a Geschichte 
991 |a Rezensiertes Werk 
999 |a KXP-PPN857687743  |e 4154694855